000 00844cam a2200313 4500
001 ABS64233
008 010726n2001 000 0 eng u
035 _a(Sirsi) u113826
245 _aRegional survey: Hampshire and Dorset
260 _c2001
490 _aProperty Week
_v66(28) 13 July 2001, 55-74(8)
590 _aABS
650 _aHAMPSHIRE
650 _aDORSET
650 _aBASINGSTOKE
650 _aINDUSTRIAL MARKET
650 _aPROPERTY-COMMERCIAL PROPERTY-OFFICE PROPERTY-OFFICE PROPERTY MARKET
650 _aRENTS
650 _aBLACKWATER VALLEY
650 _aBOURNEMOUTH
650 _aLYMINGTON
650 _aHOOK
650 _aPETERSFIELD
650 _aPOOLE
650 _aSOUTHAMPTON
650 _aSHOPPING CENTRES
690 _aPROPERTY-COMMERCIAL PROPERTY-COMMERCIAL PROPERTY MARKET
942 _n0
999 _c67812
_d67812